MARC

LEADER 00000nam0a2200000 4500
001 373406
005 20231102012549.0
010 |a 5750700410 
035 |a (RuTPU)RU\TPU\retro\30835 
035 |a RU\TPU\book\270608 
090 |a 373406 
100 |a 20221216d1988 k y0rusy50 ca 
101 0 |a rus 
102 |a RU 
105 |a a z 001zy 
200 1 |a Алгебраические методы анализа и синтеза систем автоматического управления  |f А. Р. Гайдук  |g Северо-Кавказский научный центр высшей школы (СКНЦ ВШ) ; отв. ред. А. А. Колесников 
210 |a Ростов-на-Дону  |c Изд-во Ростовского ун-та  |d 1988 
215 |a 208 с.  |c ил. 
225 1 |a Актуальные проблемы науки 
320 |a Библиогр.: с. 203-204. 
606 1 |a Автоматические системы управления  |x Математические исследования  |2 stltpush  |3 (RuTPU)RU\TPU\subj\828  |9 29634 
610 1 |a монографии 
610 1 |a анализ 
610 1 |a синтез 
610 1 |a алгебраические методы 
610 1 |a САУ 
610 1 |a системы автоматического управления 
675 |a 681.51.01:51  |v 3 
700 1 |a Гайдук  |b А. Р.  |g Анатолий Романович 
702 1 |a Колесников  |b А. А.  |4 340 
712 0 2 |a Северо-Кавказский научный центр высшей школы (СКНЦ ВШ)  |c (Ростов-на-Дону)  |2 stltpush  |3 (RuTPU)RU\TPU\col\4383 
801 1 |a RU  |b 63413507  |c 20140127 
801 2 |a RU  |b 63413507  |c 20221216  |g RCR 
942 |c BK